U9 Stationen (Karte Berliner Ortsteile) - Statistiken

Allgemein
  • Dieses Quiz wurde 29 mal gespielt
  • Das Durchschnittsergebnis liegt bei 14 aus 18
Antworten auf der Karte
Die Antworten werden auf der Karte rot bzw. grün angezeigt, abhängig davon wie oft sie richtig erraten wurden.
 
Antwortstatistiken
Antwort % Korrekt
Rathaus Steglitz
100%
Berliner Straße
88%
Birkenstraße
88%
Bundesplatz
88%
Hansaplatz
88%
Osloer Straße
88%
Turmstraße
88%
Westhafen
88%
Zoologischer Garten
88%
Leopoldplatz
75%
Schloßstraße
75%
Amrumer Straße
63%
Friedrich-Wilhelm-Platz
63%
Güntzelstraße
63%
Kurfürstendamm
63%
Nauener Platz
63%
Spichernstraße
63%
Walther-Schreiber-Platz
63%
Keine übereinstimmenden Quizze gefunden
Verteilung der Resultate
Anzahl Personen mit jedem Resultat
Perzentil nach korrekt beantworteten Fragen
Ihre Resultats-Entwicklung
Sie haben dieses Quiz noch nicht gespielt